| Tag |
First Indicator |
Second Indicator |
Subfields |
| LEADER |
00000cam a2200000 a 4500 |
| 001 |
in00000071676 |
| 005 |
20151008062336.0 |
| 008 |
810414s1980 ne c b 00010 ger d |
| 020 |
|
|
|a 9027227217
|
| 035 |
|
|
|a (OCoLC)07335306
|
| 035 |
|
|
|9 AAK0018AM
|
| 040 |
|
|
|a BUF
|c BUF
|d TXA
|d UtOrBLW
|
| 049 |
|
|
|a TXAM
|c [1803902]
|
| 090 |
|
|
|a PF3611
|b .K56
|
| 100 |
1 |
|
|a Klappenbach, Ruth.
|
| 245 |
1 |
0 |
|a Studien zur modernen deutschen Lexikographie :
|b Auswahl aus den lexikographischen Arbeiten /
|c Ruth Klappenbach (1911-1917) ; erweitert um drei Beitrage von Helene Malige-Klappenbach ; herausgegeben von Werner Abraham unter Mitwirkung von Jan F. Brand.
|
| 264 |
|
1 |
|a Amsterdam :
|b J. Benjamins,
|c 1980.
|
| 300 |
|
|
|a xxiii, 313 pages :
|b portrait ;
|c 23 cm.
|
| 336 |
|
|
|a text
|b txt
|2 rdacontent
|
| 337 |
|
|
|a unmediated
|b n
|2 rdamedia
|
| 338 |
|
|
|a volume
|b nc
|2 rdacarrier
|
| 490 |
1 |
|
|a Linguistik aktuell ;
|v Bd. 1
|
| 504 |
|
|
|a "Bibliographie von Ruth Klappenbach": pages [xiii]-xxiii.
|
| 650 |
|
0 |
|a German language
|x Lexicography.
|
| 700 |
1 |
|
|a Malige-Klappenbach, Helene.
|
| 700 |
1 |
|
|a Abraham, Werner.
|
| 700 |
1 |
|
|a Brand, Jan F.
|
| 830 |
|
0 |
|a Linguistik aktuell ;
|v Bd. 1.
|
| 999 |
|
|
|a MARS
|
| 999 |
f |
f |
|s 1894e08f-14b2-33eb-add1-e044d4a2302b
|i a969452a-e51c-3646-8559-25285150ac25
|t 0
|
| 952 |
f |
f |
|p ric
|a Texas A&M University
|b Rellis Campus
|c Joint Library Facility
|d Remote Storage
|t 0
|e PF3611 .K56
|h Library of Congress classification
|i unmediated -- volume
|m A14806175135
|
| 998 |
f |
f |
|a PF3611 .K56
|t 0
|l Remote Storage
|